[Event "Online Olym Top DivC 2020"]
[Site "chess.com INT"]
[Date "2020.08.21"]
[Round "1.1"]
[Board "2"]
[White "Adly, Ahmed"]
[Black "Nassr, Ali"]
[Result "1-0"]
[WhiteTitle "GM"]
[BlackTitle "IM"]
[WhiteElo "2615"]
[BlackElo "2232"]
[WhiteTeam "Egypt"]
[BlackTeam "Algeria"]
[WhiteFideId "10601619"]
[BlackFideId "7900520"]
[EventDate "2020.08.21"]
[EventType "team"]

1. d4 Nf6 2. Nf3 e6 3. g3 c5 4. Bg2 Nc6 5. O-O d5 6. c4 Be7 7. cxd5 Nxd5 8. dxc5
Bxc5 9. e4 Nb6 10. Qc2 Qe7 11. e5 Nd5 12. Bg5 f6 13. exf6 gxf6 14. Bh6 Bd7 15.
a3 a6 16. Nc3 Nxc3 17. Qxc3 Kf7 18. Rac1 Ba7 19. Qc4 Rhg8 20. Rfe1 Rg6 21. Bd2
Kg8 22. Nh4 1-0

[Event "Online Olym Top DivC 2020"]
[Site "chess.com INT"]
[Date "2020.08.21"]
[Round "1.1"]
[Board "3"]
[White "Abdi, Zineb Dina"]
[Black "Wafa, Shrook"]
[Result "1/2-1/2"]
[WhiteTitle "WIM"]
[BlackTitle "WGM"]
[WhiteElo "1926"]
[BlackElo "2182"]
[WhiteTeam "Algeria"]
[BlackTeam "Egypt"]
[WhiteFideId "7900880"]
[BlackFideId "10609970"]
[EventDate "2020.08.21"]
[EventType "team"]

1. e4 c5 2. Nf3 Nc6 3. d4 cxd4 4. Nxd4 g6 5. c4 Bg7 6. Be3 Nf6 7. Nc3 d6 8. Be2
O-O 9. O-O Bd7 10. Rc1 Rc8 11. f3 a6 12. Qd2 Nxd4 13. Bxd4 Qa5 14. Rfd1 Rfe8 15.
a3 Be6 16. b4 Qh5 17. Nd5 Bxd5 18. cxd5 Nd7 19. Bxg7 Kxg7 20. f4 Qh4 21. Bf3 Qf6
22. g3 Nb6 23. Kg2 Nc4 24. Qe2 b5 25. a4 Qb2 26. Qxb2+ Nxb2 27. Rxc8 Rxc8 28.
Re1 Nxa4 29. e5 Rc2+ 30. Kh3 Rc4 31. exd6 exd6 32. Re7 Rxb4 33. Rd7 Rd4 34. Rxd6
Nc3 35. Rxa6 Rd3 36. Bg2 Nxd5 37. Bxd5 Rxd5 38. Rb6 h5 39. Rc6 b4 40. Rb6 Rd4
41. Kg2 h4 42. Kf3 hxg3 43. hxg3 Kh6 44. Rb8 Rd3+ 45. Kg4 b3 46. Rh8+ Kg7 47.
Rb8 Kf6 48. Rb6+ Ke7 49. Kh4 Kf8 50. g4 Rf3 51. f5 gxf5 52. gxf5 Kg7 53. Kg5
Rg3+ 54. Kf4 Rc3 55. Kg5 Rd3 56. f6+ Kh7 57. Rb7 Rd5+ 58. Kf4 Kg6 59. Rxb3 Kxf6
60. Rb6+ Kg7 61. Ke4 Ra5 62. Kf4 f6 63. Kg4 Kg6 64. Kf4 Ra4+ 65. Kf3 Kg5 66. Rb8
Ra3+ 67. Kf2 f5 68. Rb4 Rh3 69. Kg2 Rc3 70. Ra4 Rc5 71. Rd4 f4 72. Rd8 Rc2+ 73.
Kf3 Rc3+ 74. Kf2 Rc4 75. Rg8+ Kf5 76. Rf8+ Ke5 77. Re8+ Kf6 78. Kf3 Kf5 79. Rf8+
Ke5 80. Re8+ Kf5 81. Rf8+ Kg5 82. Rg8+ Kf6 83. Rf8+ Ke7 84. Rxf4 Rxf4+ 85. Kxf4 1/2-1/2

[Event "Online Olym Top DivC 2020"]
[Site "chess.com INT"]
[Date "2020.08.21"]
[Round "1.1"]
[Board "5"]
[White "Brahami, Lamine"]
[Black "Fawzy, Adham"]
[Result "0-1"]
[WhiteTitle "FM"]
[BlackTitle "GM"]
[WhiteElo "2194"]
[BlackElo "2467"]
[WhiteTeam "Algeria"]
[BlackTeam "Egypt"]
[WhiteFideId "7905637"]
[BlackFideId "10613129"]
[EventDate "2020.08.21"]
[EventType "team"]

1. d4 d5 2. c4 c6 3. Nc3 Nf6 4. Nf3 e6 5. cxd5 exd5 6. Bg5 Bf5 7. e3 Qb6 8. Qc1
Nbd7 9. Be2 Bd6 10. O-O O-O 11. a3 a5 12. Na4 Qc7 13. Nc3 Bg4 14. h3 Bh5 15. Qd1
b5 16. Rc1 Qb8 17. Nb1 Rc8 18. Nbd2 a4 19. Ne1 Bxe2 20. Qxe2 b4 21. axb4 Qxb4
22. Rc2 Qb5 23. Nd3 Ne4 24. Nxe4 dxe4 25. Nc1 Qxg5 26. Na2 Qb5 27. Qd2 Nf6 28.
Rfc1 Qb3 29. Nc3 Bb4 30. Qe2 h6 31. Nb1 Qd3 32. Qd1 Qxd1+ 33. Rxd1 Nd5 34. Rdc1
Ra6 35. Na3 Bxa3 36. bxa3 f5 37. Rc5 Rb8 38. Rxc6 Rxc6 39. Rxc6 Rb1+ 40. Kh2 Rb3
41. Rc5 Nc3 42. d5 Kf7 43. Rc7+ Kf6 44. d6 Nb5 45. d7 Rd3 46. Rc6+ Ke7 47. Rb6
Nxa3 48. Ra6 Kxd7 49. Rxa4 Nb5 50. Ra5 Rd5 51. Kg3 Nc7 52. Ra7 g5 53. Rb7 Rb5
54. Ra7 Rc5 55. Ra4 Ke7 56. Rb4 Kf6 57. Rb6+ Ne6 58. h4 Rc2 59. hxg5+ hxg5 60.
f3 f4+ 61. exf4 gxf4+ 62. Kg4 Rxg2+ 63. Kh3 Rg3+ 64. Kh2 exf3 65. Rb2 Rg2+ 66.
Rxg2 fxg2 67. Kxg2 Kf5 68. Kf3 Ng5+ 0-1

[Event "Online Olym Top DivC 2020"]
[Site "chess.com INT"]
[Date "2020.08.21"]
[Round "1.2"]
[Board "1"]
[White "Tissir, Mohamed"]
[Black "Saric, Ivan"]
[Result "0-1"]
[WhiteTitle "IM"]
[BlackTitle "GM"]
[WhiteElo "2379"]
[BlackElo "2646"]
[WhiteTeam "Morocco"]
[BlackTeam "Croatia"]
[WhiteFideId "9000240"]
[BlackFideId "14508150"]
[EventDate "2020.08.21"]
[EventType "team"]

1. e4 c5 2. Nc3 Nc6 3. Bb5 Nd4 4. Bc4 e6 5. Nge2 Nf6 6. O-O a6 7. d3 b5 8. Bb3
Nxb3 9. axb3 Bb7 10. Ng3 h5 11. h3 Qc7 12. Re1 Bd6 13. Nf1 O-O-O 14. Qe2 Be5 15.
Bd2 Rdg8 16. Nd1 g5 17. Ba5 Qd6 18. c3 g4 19. h4 g3 20. f3 Qe7 21. b4 Ng4 22.
bxc5 Qxh4 23. c6 dxc6 24. Bb6 Rg6 25. d4 Bf4 26. d5 cxd5 27. exd5 exd5 28. Qd3
Nh2 29. Bd4 Nxf1 30. Kxf1 Kb8 31. Qf5 Qh1+ 32. Bg1 Bc7 33. Re7 Re6 34. Qxf7 Rxe7
35. Qxe7 d4 36. Qf6 Re8 37. Qxd4 Bxf3 38. Ne3 Bb7 39. Rxa6 Bxa6 0-1

[Event "Online Olym Top DivC 2020"]
[Site "chess.com INT"]
[Date "2020.08.21"]
[Round "1.2"]
[Board "2"]
[White "Bosiocic, Marin"]
[Black "Onkoud, Abdelaziz"]
[Result "1-0"]
[WhiteTitle "GM"]
[BlackTitle "IM"]
[WhiteElo "2606"]
[BlackElo "2314"]
[WhiteTeam "Croatia"]
[BlackTeam "Morocco"]
[WhiteFideId "14507927"]
[BlackFideId "9000283"]
[EventDate "2020.08.21"]
[EventType "team"]

1. d4 d6 2. e4 Nf6 3. Nc3 c6 4. f4 Qa5 5. Bd3 e5 6. Nf3 exd4 7. Nxd4 g6 8. O-O
Bg7 9. Nf3 O-O 10. Kh1 Bg4 11. Qe1 Bxf3 12. Rxf3 Nbd7 13. Bd2 Qc7 14. Qh4 b5 15.
Raf1 Rae8 16. Rh3 b4 17. Ne2 c5 18. b3 h5 19. Ng3 Qd8 20. e5 dxe5 21. f5 Ng4 22.
Bg5 Bf6 23. Nxh5 Bxg5 24. Nf6+ Kg7 25. Nxe8+ Rxe8 26. Qh7+ Kf6 27. fxg6+ Ke6 28.
Bf5+ 1-0

[Event "Online Olym Top DivC 2020"]
[Site "chess.com INT"]
[Date "2020.08.21"]
[Round "1.2"]
[Board "3"]
[White "Alaoui Belghiti, Chaimaa"]
[Black "Franciskovic, Borka"]
[Result "0-1"]
[WhiteTitle "WFM"]
[BlackTitle "WIM"]
[WhiteElo "1703"]
[BlackElo "2250"]
[WhiteTeam "Morocco"]
[BlackTeam "Croatia"]
[WhiteFideId "9002375"]
[BlackFideId "14507943"]
[EventDate "2020.08.21"]
[EventType "team"]

1. c4 c5 2. Nc3 Nf6 3. g3 e6 4. Bg2 d5 5. cxd5 exd5 6. d4 cxd4 7. Qxd4 Nc6 8.
Qa4 d4 9. Nb1 Be7 10. Bxc6+ bxc6 11. Qxc6+ Bd7 12. Qc2 Rc8 13. Qd1 O-O 14. Nf3
d3 15. O-O Bc6 16. exd3 Qd5 17. Nbd2 Bb4 18. Ne4 Nxe4 19. dxe4 Qxe4 20. Kg2 Rfd8
21. Qb3 Rd3 0-1

[Event "Online Olym Top DivC 2020"]
[Site "chess.com INT"]
[Date "2020.08.21"]
[Round "1.2"]
[Board "4"]
[White "Medic, Mirjana"]
[Black "Mayar ElIdrissi, Firdaous"]
[Result "1-0"]
[WhiteTitle "WGM"]
[WhiteElo "2207"]
[BlackElo "1760"]
[WhiteTeam "Croatia"]
[BlackTeam "Morocco"]
[WhiteFideId "14501619"]
[BlackFideId "9001727"]
[EventDate "2020.08.21"]
[EventType "team"]

1. d4 d5 2. Nf3 e6 3. e3 Nf6 4. Bd3 Be7 5. O-O O-O 6. b3 c5 7. Bb2 Nc6 8. a3 b6
9. Ne5 Bb7 10. Nd2 Rc8 11. f4 Nd7 12. Qf3 f5 13. Qe2 Ndxe5 14. dxe5 Qe8 15. Rad1
g5 16. c4 g4 17. cxd5 Nd8 18. d6 Bh4 19. e4 Nc6 20. exf5 h5 21. fxe6 Qxe6 22.
Bc4 1-0

[Event "Online Olym Top DivC 2020"]
[Site "chess.com INT"]
[Date "2020.08.21"]
[Round "1.2"]
[Board "5"]
[White "Hadj Kholti, Yasser"]
[Black "Livaic, Leon"]
[Result "0-1"]
[BlackTitle "IM"]
[WhiteElo "1871"]
[BlackElo "2507"]
[WhiteTeam "Morocco"]
[BlackTeam "Croatia"]
[WhiteFideId "9003258"]
[BlackFideId "14531534"]
[EventDate "2020.08.21"]
[EventType "team"]

1. e4 c5 2. Nf3 d6 3. d4 cxd4 4. Nxd4 Nf6 5. Nc3 a6 6. Be3 e5 7. Nf3 Qc7 8. h3
Be7 9. Be2 O-O 10. a4 Nbd7 11. O-O Nc5 12. Nd2 Be6 13. Bg5 Ncd7 14. a5 Rfc8 15.
Re1 h6 16. Bxf6 Nxf6 17. Nf1 b5 18. axb6 Qxb6 19. Na4 Qc6 20. Bd3 Rab8 21. b3
Rb4 22. c4 Rcb8 23. Rb1 Bd8 24. Ne3 Qb7 25. Bc2 Bc7 26. Nd5 Nxd5 27. exd5 Bd7
28. Nc3 Qa7 29. Qf3 Qd4 0-1

[Event "Online Olym Top DivC 2020"]
[Site "chess.com INT"]
[Date "2020.08.21"]
[Round "1.2"]
[Board "6"]
[White "Cvitan, Ena"]
[Black "Makhlouf, Ahlam"]
[Result "1-0"]
[WhiteTitle "FM"]
[BlackTitle "WFM"]
[WhiteElo "2242"]
[BlackElo "1419"]
[WhiteTeam "Croatia"]
[BlackTeam "Morocco"]
[WhiteFideId "14534215"]
[BlackFideId "9003380"]
[EventDate "2020.08.21"]
[EventType "team"]

1. d4 Nf6 2. c4 g6 3. Nc3 Bg7 4. e4 O-O 5. h3 d6 6. Be3 e5 7. d5 Nbd7 8. Nf3 Re8
9. g4 Nc5 10. Nd2 a5 11. Be2 c6 12. g5 Nfd7 13. h4 f5 14. f3 f4 15. Bf2 cxd5 16.
cxd5 Nb6 17. a4 Bd7 18. Kf1 h6 19. gxh6 Bxh6 20. Bb5 Kh7 21. Qe2 Rg8 22. Bxd7
Qxd7 23. Qb5 Qxb5+ 24. Nxb5 Rad8 25. b3 g5 26. hxg5 Rxg5 27. Ke2 Rg2 28. Rag1
Rxg1 29. Rxg1 Nc8 30. Nc4 Nxb3 31. Rb1 Nc5 32. Nxa5 Nxa4 33. Nxb7 Rd7 34. Na5
Rb7 35. Nxb7 Na7 36. Bxa7 1-0

[Event "Online Olym Top DivC 2020"]
[Site "chess.com INT"]
[Date "2020.08.21"]
[Round "1.3"]
[Board "1"]
[White "Adams, Michael"]
[Black "Solak, Dragan"]
[Result "1/2-1/2"]
[WhiteTitle "GM"]
[BlackTitle "GM"]
[WhiteElo "2706"]
[BlackElo "2594"]
[WhiteTeam "England"]
[BlackTeam "Turkey"]
[WhiteFideId "400041"]
[BlackFideId "916811"]
[EventDate "2020.08.21"]
[EventType "team"]

1. e4 c6 2. Nf3 d5 3. Nc3 Bg4 4. h3 Bxf3 5. Qxf3 Nf6 6. g3 dxe4 7. Nxe4 Nxe4 8.
Qxe4 e6 9. Bg2 Qd5 10. d3 Na6 11. a3 Nc5 12. Qf3 Be7 13. Be3 Qxf3 14. Bxf3 Na4
15. O-O-O Bf6 16. c3 Nb6 17. Kc2 Nd5 18. Bc1 O-O 19. Be4 g6 20. f4 Bg7 21. Rhe1
Rad8 22. Re2 Rd7 23. g4 Re8 24. Rde1 Bh6 25. Rf2 Rdd8 26. d4 f5 27. Bd3 Kf7 28.
Rg1 Bg7 29. Rfg2 Bf6 30. h4 fxg4 31. Rxg4 Ne7 32. Be3 Nf5 33. Bf2 Rg8 34. Rh1 h5
35. Rgg1 Rge8 36. Be4 a6 37. b4 a5 38. Rb1 axb4 39. axb4 Ra8 40. Rb2 Ra3 41. Rh3
Rea8 42. Bg2 Nd6 43. Bf1 Ra2 44. Bd3 R8a3 45. Rf3 Ra1 46. Rh3 R1a2 47. Rf3 Ra1
48. Rh3 Ra8 49. b5 cxb5 50. Bxb5 R8a2 51. Bd3 Rxb2+ 52. Kxb2 Ra8 53. Rh1 Nf5 54.
Be4 Nd6 55. Bd3 Nf5 56. Be4 Nd6 57. Bd3 1/2-1/2

[Event "Online Olym Top DivC 2020"]
[Site "chess.com INT"]
[Date "2020.08.21"]
[Round "1.3"]
[Board "2"]
[White "Sanal, Vahap"]
[Black "Howell, David W L"]
[Result "1/2-1/2"]
[WhiteTitle "GM"]
[BlackTitle "GM"]
[WhiteElo "2581"]
[BlackElo "2663"]
[WhiteTeam "Turkey"]
[BlackTeam "England"]
[WhiteFideId "6300545"]
[BlackFideId "410608"]
[EventDate "2020.08.21"]
[EventType "team"]

1. e4 e5 2. Nf3 Nc6 3. Bb5 a6 4. Ba4 Nf6 5. O-O Be7 6. Re1 b5 7. Bb3 d6 8. c3
O-O 9. h3 Na5 10. Bc2 c5 11. d4 Nd7 12. Nbd2 exd4 13. cxd4 Nc6 14. d5 Nce5 15.
Nh2 Ng6 16. Rf1 Bg5 17. a4 Nb6 18. axb5 axb5 19. Rxa8 Nxa8 20. Qh5 Nf4 21. Qf3
Ng6 22. Qh5 Nf4 23. Qf3 Ng6 24. Qh5 1/2-1/2

[Event "Online Olym Top DivC 2020"]
[Site "chess.com INT"]
[Date "2020.08.21"]
[Round "1.3"]
[Board "3"]
[White "Houska, Jovanka"]
[Black "Atalik, Ekaterina"]
[Result "1/2-1/2"]
[WhiteTitle "IM"]
[BlackTitle "IM"]
[WhiteElo "2381"]
[BlackElo "2450"]
[WhiteTeam "England"]
[BlackTeam "Turkey"]
[WhiteFideId "405094"]
[BlackFideId "4130189"]
[EventDate "2020.08.21"]
[EventType "team"]

1. d4 d5 2. Nf3 Nf6 3. Bf4 g6 4. e3 Bg7 5. Nbd2 O-O 6. Be2 b6 7. h3 Bb7 8. O-O
c5 9. c3 Nbd7 10. Ne5 Ne8 11. Ndf3 Nxe5 12. Bxe5 f6 13. Bh2 Nd6 14. a4 c4 15. b3
Rc8 16. Nd2 e5 17. bxc4 Nxc4 18. Nxc4 dxc4 19. Qb1 exd4 20. exd4 Re8 21. Re1 Qd7
22. Qb5 Qd5 23. Qxd5+ Bxd5 24. Bf4 Bf8 25. Kh2 Kf7 26. h4 Re6 27. Bf3 Bxf3 28.
Rxe6 Kxe6 29. gxf3 Kd5 30. Re1 a6 31. Rb1 Rc6 32. Kg3 Re6 33. h5 Be7 34. hxg6
hxg6 35. Be3 f5 36. Bf4 g5 37. Be5 f4+ 38. Kg4 Rh6 39. Bc7 Rh4+ 40. Kf5 b5 41.
axb5 axb5 42. Rxb5+ Kc6 43. Re5 Ba3 44. Ba5 Rh2 45. Kxg5 Rxf2 46. Re6+ Kd7 47.
Ra6 Rxf3 48. Kg4 Rf1 49. Ra7+ Kc6 50. Rf7 Bd6 51. Rf6 Rg1+ 52. Kf3 Rg3+ 53. Kf2
Kd5 54. Bb4 Bxb4 55. cxb4 Rb3 56. Rxf4 c3 57. Ke2 Rxb4 58. Kd3 1/2-1/2

[Event "Online Olym Top DivC 2020"]
[Site "chess.com INT"]
[Date "2020.08.21"]
[Round "1.3"]
[Board "4"]
[White "Yildiz Kadioglu, Betul Cemre"]
[Black "Hunt, Harriet V"]
[Result "1/2-1/2"]
[WhiteTitle "WGM"]
[BlackTitle "IM"]
[WhiteElo "2362"]
[BlackElo "2414"]
[WhiteTeam "Turkey"]
[BlackTeam "England"]
[WhiteFideId "6302920"]
[BlackFideId "403512"]
[EventDate "2020.08.21"]
[EventType "team"]

1. e4 c5 2. Nf3 d6 3. d4 cxd4 4. Nxd4 Nf6 5. f3 e5 6. Nb3 a5 7. a4 Nc6 8. c4 Be6
9. Nc3 Be7 10. Be3 O-O 11. Be2 Rc8 12. Rc1 Nb4 13. Nb5 b6 14. O-O Ne8 15. Qd2
Na2 16. Ra1 Nb4 17. Rac1 Na2 18. Ra1 Nb4 19. Rac1 1/2-1/2

[Event "Online Olym Top DivC 2020"]
[Site "chess.com INT"]
[Date "2020.08.21"]
[Round "1.3"]
[Board "5"]
[White "Wadsworth, Matthew J"]
[Black "Gokerkan, Cem Kaan"]
[Result "1-0"]
[WhiteTitle "IM"]
[BlackTitle "IM"]
[WhiteElo "2416"]
[BlackElo "2461"]
[WhiteTeam "England"]
[BlackTeam "Turkey"]
[WhiteFideId "415804"]
[BlackFideId "6336760"]
[EventDate "2020.08.21"]
[EventType "team"]

1. c4 Nf6 2. g3 e6 3. Bg2 d5 4. Nf3 d4 5. O-O c5 6. e3 Nc6 7. d3 Bd6 8. exd4
cxd4 9. a3 a5 10. Bg5 h6 11. Bxf6 Qxf6 12. Nbd2 Qe7 13. Rc1 O-O 14. Re1 Rd8 15.
Nb3 Bc7 16. c5 a4 17. Nbd2 Rd5 18. Qc2 Ra5 19. b4 axb3 20. Nxb3 Rxa3 21. Ra1
Rxa1 22. Rxa1 Rd8 23. Qc4 e5 24. Nfd2 Bf5 25. Qb5 Bb8 26. Na5 Nxa5 27. Rxa5 Qg5
28. Ra2 Qg6 29. Qxb7 Qe6 30. Ra8 Qc8 31. Qb5 Qc7 32. Be4 Bh3 33. Nc4 f5 34. Bd5+
Rxd5 35. Qxb8+ Kh7 36. Qxc7 1-0

[Event "Online Olym Top DivC 2020"]
[Site "chess.com INT"]
[Date "2020.08.21"]
[Round "1.3"]
[Board "6"]
[White "Caglar, Sila"]
[Black "Kalaiyalahan, Akshaya"]
[Result "1/2-1/2"]
[WhiteTitle "WIM"]
[BlackTitle "FM"]
[WhiteElo "2250"]
[BlackElo "2149"]
[WhiteTeam "Turkey"]
[BlackTeam "England"]
[WhiteFideId "6364063"]
[BlackFideId "422894"]
[EventDate "2020.08.21"]
[EventType "team"]

1. e4 c5 2. Nf3 Nc6 3. d4 cxd4 4. Nxd4 g6 5. c4 Nf6 6. Nc3 d6 7. Be2 Nxd4 8.
Qxd4 Bg7 9. Be3 O-O 10. Qd2 a5 11. O-O a4 12. f3 Qa5 13. Rab1 Be6 14. Nd5 Nxd5
15. Qxa5 Rxa5 16. cxd5 Bd7 17. Rfc1 Bb5 18. Kf2 Bxe2 19. Kxe2 Rb5 20. Rc7 Re8
21. Kd3 Rxb2 22. Rxb2 Bxb2 23. Rxb7 a3 24. Ba7 Kf8 25. Rb8 Rxb8 26. Bxb8 Ke8 27.
Ba7 Kd7 28. Bd4 Bc1 29. Kc2 Bf4 30. g3 Bh6 31. Bc3 Be3 32. Bb4 Bg1 33. h3 Bf2
34. g4 e6 35. Bxa3 exd5 36. exd5 Kc7 37. Kd3 Bg3 38. Bb2 f5 39. Bd4 h5 40. gxh5
gxh5 41. a4 Kb7 42. Kc4 Ka6 43. Bc3 Bf4 44. Bb4 Be5 45. Kd3 Bf4 46. Kd4 Kb6 47.
Kd3 Ka6 48. Kc4 Kb6 49. Bc3 Ka6 50. Kd3 Kb6 51. Bb4 Ka6 1/2-1/2

[Event "Online Olym Top DivC 2020"]
[Site "chess.com INT"]
[Date "2020.08.21"]
[Round "1.4"]
[Board "1"]
[White "Grischuk, Alexander"]
[Black "Delchev, Aleksander"]
[Result "1-0"]
[WhiteTitle "GM"]
[BlackTitle "GM"]
[WhiteElo "2777"]
[BlackElo "2550"]
[WhiteTeam "Russia"]
[BlackTeam "Bulgaria"]
[WhiteFideId "4126025"]
[BlackFideId "2900394"]
[EventDate "2020.08.21"]
[EventType "team"]

1. d4 d5 2. Nf3 Nf6 3. c4 c6 4. Nc3 g6 5. cxd5 cxd5 6. Bf4 Bg7 7. e3 Nc6 8. h3
O-O 9. Bd3 Nd7 10. Be2 Nb6 11. O-O f6 12. a4 a5 13. Qb3 Be6 14. Nb5 Rc8 15. Nc7
Rxc7 16. Qxb6 Rd7 17. Qxd8 Rdxd8 18. Rfc1 Bf7 19. Bc7 Rc8 20. Bb6 e5 21. Bb5
exd4 22. exd4 Ra8 23. Rc5 Rfb8 24. Rac1 Bf8 25. R5c2 Be8 26. Bc5 Bh6 27. Re1 Rc8
28. Rce2 Bf7 29. Nd2 Bxd2 30. Rxd2 Re8 31. Rc1 Re6 32. f3 Be8 33. Kf2 h5 34. g4
hxg4 35. hxg4 Bd7 36. Re2 Rxe2+ 37. Bxe2 Kf7 38. Bb5 Re8 39. Bb6 Rh8 40. Kg3 Re8
41. Bxa5 Nxa5 42. Bxd7 Re7 43. Bb5 Nb3 44. Rd1 Rc7 45. Rd3 Nc1 46. Rc3 Rxc3 47.
bxc3 g5 48. Kf2 Ke6 49. Ke3 Nb3 50. Kd3 Na5 51. c4 dxc4+ 52. Bxc4+ Kd6 53. Ba2
b6 54. Ke4 Nc6 55. Bc4 Ne7 56. Bb3 Kc6 57. Ba2 Kc7 58. Kd3 Nc8 59. Kc4 Kc6 60.
Kb4 Nd6 61. Be6 Kc7 62. Bf5 Kc6 63. Be4+ Kc7 64. Kc3 Kd7 65. Kd3 Kc7 66. Bd5 Kd7
67. Ke3 Ke7 68. f4 gxf4+ 69. Kxf4 Kd7 70. Kg3 Ke7 71. Kh4 Kf8 72. Bb3 Kg7 73.
Kg3 Kf8 74. Kf4 Ke7 75. Ba2 Kf8 76. Bb1 Ke7 77. Bf5 Kf8 78. Kg3 Kf7 79. Kh4 Kg7
80. Kh5 Nf7 81. Be6 Nd6 82. g5 fxg5 83. Kxg5 Kf8 84. Kf6 Ke8 85. Ke5 Ke7 86. Kd5
Nb7 87. Bg4 Na5 88. Bh3 Nb3 89. Kc4 Nd2+ 90. Kb5 Kd6 91. Kxb6 Nb3 92. Bg2 Nxd4
93. a5 1-0

[Event "Online Olym Top DivC 2020"]
[Site "chess.com INT"]
[Date "2020.08.21"]
[Round "1.4"]
[Board "2"]
[White "Stoyanov, Tsvetan"]
[Black "Nepomniachtchi, Ian"]
[Result "0-1"]
[WhiteTitle "FM"]
[BlackTitle "GM"]
[WhiteElo "2387"]
[BlackElo "2784"]
[WhiteTeam "Bulgaria"]
[BlackTeam "Russia"]
[WhiteFideId "2917173"]
[BlackFideId "4168119"]
[EventDate "2020.08.21"]
[EventType "team"]

1. e4 c5 2. Nf3 d6 3. d4 cxd4 4. Qxd4 Nf6 5. Be2 g6 6. O-O Bg7 7. c4 O-O 8. Qe3
Qc7 9. Nc3 Be6 10. Nd5 Bxd5 11. exd5 b5 12. cxb5 Nxd5 13. Qb3 e6 14. Bd2 Nd7 15.
Rac1 Nc5 16. Qa3 Qb7 17. Rfe1 a6 18. bxa6 Qxb2 19. Qa5 Qb6 20. Qxb6 Nxb6 21. Be3
Nba4 22. Nd4 Nxa6 23. Red1 Nb4 24. a3 Na2 25. Rc2 N2c3 26. Rdc1 Nxe2+ 27. Nxe2
Bb2 28. Rb1 Bxa3 29. Ra2 Bc5 30. Rba1 Bxe3 31. fxe3 Nb6 32. Ra6 Rxa6 33. Rxa6
Nc4 34. Kf2 d5 35. Ra7 Rb8 36. Nd4 Rb2+ 37. Kf3 e5 38. Nc6 e4+ 39. Kf4 Rxg2 40.
Ne7+ Kg7 41. Nxd5 Rxh2 42. Kxe4 Rh4+ 43. Kf3 Ne5+ 44. Kg3 Rg4+ 45. Kf2 Rc4 46.
Re7 Ng4+ 47. Kf3 Nf6 48. Nf4 Rc6 49. Nd3 Re6 50. Ra7 g5 51. Nc5 Re5 52. Nd3 Rf5+
53. Kg3 h5 54. Nf2 h4+ 55. Kg2 g4 56. Ra4 h3+ 0-1

[Event "Online Olym Top DivC 2020"]
[Site "chess.com INT"]
[Date "2020.08.21"]
[Round "1.4"]
[Board "3"]
[White "Lagno, Kateryna"]
[Black "Stefanova, Antoaneta"]
[Result "0-1"]
[WhiteTitle "GM"]
[BlackTitle "GM"]
[WhiteElo "2546"]
[BlackElo "2462"]
[WhiteTeam "Russia"]
[BlackTeam "Bulgaria"]
[WhiteFideId "14109336"]
[BlackFideId "2902257"]
[EventDate "2020.08.21"]
[EventType "team"]

1. e4 c6 2. d4 d5 3. Nd2 dxe4 4. Nxe4 Nf6 5. Nxf6+ exf6 6. Be3 Bd6 7. Bd3 O-O 8.
Qf3 Qa5+ 9. c3 Re8 10. Ne2 Nd7 11. O-O Nf8 12. Ng3 Qc7 13. h3 Ng6 14. Nf5 Bf8
15. h4 Be6 16. h5 Ne7 17. Ng3 Qd7 18. Qe4 f5 19. Qf3 g6 20. c4 Bg7 21. Ne2 b5
22. b3 bxc4 23. bxc4 Rab8 24. Rab1 Rb6 25. Rb3 Rxb3 26. axb3 Rb8 27. Bc2 a5 28.
Ra1 Ra8 29. Ra4 Nc8 30. Bd2 Qc7 31. Qc3 c5 32. Qf3 Ra7 33. dxc5 Bd7 34. Ra2 Bc6
35. Qg3 Qe7 36. Be3 Be5 37. Qg5 Bf6 38. Qg3 Be5 39. Qh3 Qf6 40. f4 Bb8 41. Bd4
Qe7 42. Bd3 Rd7 43. Ra1 Ba7 44. Rxa5 Qd8 45. Rxa7 Rxd4 46. hxg6 hxg6 47. Rxf7
Kxf7 48. Qh7+ Kf6 49. Nxd4 Qxd4+ 50. Kh1 Qxd3 51. Qh8+ Ke7 52. Qg7+ Kd8 53. Qxg6
Qf1+ 54. Kh2 Qxf4+ 55. Kg1 Ne7 56. Qg7 Qe3+ 57. Kh1 Qxb3 58. Qd4+ Kc8 59. Qh8+
Kb7 60. Qh7 Qb1+ 61. Kh2 Qe4 0-1

[Event "Online Olym Top DivC 2020"]
[Site "chess.com INT"]
[Date "2020.08.21"]
[Round "1.4"]
[Board "4"]
[White "Salimova, Nurgyul"]
[Black "Goryachkina, Aleksandra"]
[Result "0-1"]
[WhiteTitle "IM"]
[BlackTitle "GM"]
[WhiteElo "2372"]
[BlackElo "2582"]
[WhiteTeam "Bulgaria"]
[BlackTeam "Russia"]
[WhiteFideId "2915138"]
[BlackFideId "4147103"]
[EventDate "2020.08.21"]
[EventType "team"]

1. d4 d5 2. c4 c6 3. Nf3 Nf6 4. Nc3 e6 5. g3 dxc4 6. Bg2 Nbd7 7. a4 Be7 8. O-O
O-O 9. e4 e5 10. dxe5 Ng4 11. Bf4 Qa5 12. Qd2 Bb4 13. Qd4 Re8 14. e6 Rxe6 15.
Qxc4 Nde5 16. Nxe5 Nxe5 17. Qe2 Re8 18. Rfd1 Bg4 19. f3 Be6 20. Rac1 Bc4 21. Qc2
Rad8 22. Rxd8 Rxd8 23. Rd1 Nd3 24. Be3 Bc5 25. Bxc5 Qxc5+ 26. Kh1 h6 27. Rd2 Rd4
28. Nd1 Qd6 29. Ne3 Be6 30. Qc3 c5 31. Nd5 Bxd5 32. Rxd3 Bc6 33. Rxd4 Qxd4 34.
Qxd4 cxd4 35. b3 Kf8 36. Kg1 Ke7 37. Kf2 Kd6 38. Ke2 Kc5 39. Kd3 a5 40. Kc2 b5
41. axb5 Bxb5 42. h4 Kb4 43. f4 d3+ 44. Kb2 Bc6 45. f5 f6 46. Bf3 Bb7 47. g4 Bc6
48. Bg2 d2 49. Kc2 d1=Q+ 50. Kxd1 Kxb3 51. Kc1 Kc3 52. Bf3 Kd4 53. Kd2 Bxe4 54.
Bd1 Bc6 55. Be2 a4 56. Kc2 Ke3 57. Bc4 Kf4 58. Be2 Bf3 59. Bb5 a3 60. Kb3 Bxg4
61. Kxa3 Bxf5 62. Kb2 Kg4 63. Kc3 Kxh4 64. Kd4 Kg3 65. Ke3 h5 66. Bc6 h4 0-1